Tình hình phát triển ngành thuỷ sản quận Thanh Khê, thành phố Đà Nẵng giai đoạn 2005- 2010. Định hướng và giải pháp phát triển đến năm 2020
Tổng quan về cơ sở lý luận và thực tiễn của vấn đề nghiên cứu. Phân tích và nhận xét về tình hình phát triển ngành thuỷ sản của quận Thanh Khê, thành phố Đà Nẵng. Tìm hiểu một số định hướng, giải pháp nhằm phát triển ngành thuỷ sản của quận Thanh Khê, thành phố Đà Nẵng....
Αποθηκεύτηκε σε:
| Κύριος συγγραφέας: | |
|---|---|
| Άλλοι συγγραφείς: | |
| Μορφή: | Βιβλίο |
| Γλώσσα: | Vietnamese |
| Έκδοση: |
Đà Nẵng
Đại học Sư phạm, Đại học Đà Nẵng
2013
|
| Θέματα: | |
| Ετικέτες: |
Προσθήκη ετικέτας
Δεν υπάρχουν, Καταχωρήστε ετικέτα πρώτοι!
|
| Thư viện lưu trữ: | Mạng thư viện Đại học Đà Nẵng |
|---|
| LEADER | 01898nam a2200337 4500 | ||
|---|---|---|---|
| 001 | 000018864 | ||
| 003 | 15299 | ||
| 005 | 20140120110146.0 | ||
| 008 | 140113s2013 viesd | ||
| 041 | |a vie | ||
| 082 | 1 | 4 | |a 910.1372 |b TR-P |
| 100 | 1 | |a Trần Lê Bình Phương | |
| 245 | 1 | 0 | |a Tình hình phát triển ngành thuỷ sản quận Thanh Khê, thành phố Đà Nẵng giai đoạn 2005- 2010. Định hướng và giải pháp phát triển đến năm 2020 |c Trần Lê Bình Phương ; Hoàng Thị Diệu Huyền hướng dẫn |k Khóa luận tốt nghiệp |
| 260 | |a Đà Nẵng |b Đại học Sư phạm, Đại học Đà Nẵng |c 2013 | ||
| 300 | |a 60 tr. |b Hình mh. |c 29 cm. | ||
| 500 | |a Khóa luận tốt nghiệp đại học. Chuyên ngành: Cử nhân Địa lý - Môi trường | ||
| 520 | |a Tổng quan về cơ sở lý luận và thực tiễn của vấn đề nghiên cứu. Phân tích và nhận xét về tình hình phát triển ngành thuỷ sản của quận Thanh Khê, thành phố Đà Nẵng. Tìm hiểu một số định hướng, giải pháp nhằm phát triển ngành thuỷ sản của quận Thanh Khê, thành phố Đà Nẵng. | ||
| 650 | 0 | 4 | |a Thủy sản |v Khóa luận tốt nghiệp |x Phát triển |y 2005-2020 |z Đà Nẵng (Thanh Khê) |
| 653 | |a Khoa Địa lý | ||
| 653 | |a Ngành thủy sản | ||
| 700 | 1 | |a Hoàng Thị Diệu Huyền |e Hướng dẫn | |
| OWN | |a LSP | ||
| AVA | |a UDN50 |b LSP |d 910.1372 TR-P |e available |t Error 5001 Not defined in file expand_doc_bib_avail. |f 1 |g 0 |h N |i 0 |k 1 | ||
| 999 | |a From the UDN01 | ||
| AVA | |a UDN50 |b LSP |d 910.1372 TR-P |e available |t Error 5001 Not defined in file expand_doc_bib_avail. |f 1 |g 0 |h N |i 0 |k 1 | ||
| TYP | |a Monograph | ||
| TYP | |a Printed language | ||
| 980 | |a Mạng thư viện Đại học Đà Nẵng | ||